000 00672cam a22002293a 4500
001 2308
003 PGUSA
005 20140828083013.0
008 000901s2000||||xxu|||||s|||||000 | eng d
040 _aPGUSA
_beng
042 _adc
050 4 _aPR
100 1 _aWhyte, Alexander,
_d1836-1921
245 1 0 _aBunyan Characters (3rd Series)
_h[electronic resource] /
_cAlexander Whyte
260 _bProject Gutenberg,
_c2000
506 _aPublic domain in the USA.
516 _aElectronic text
653 _aBunyan, John, 1628-1688 -- Criticism and interpretation
830 0 _aProject Gutenberg
_v2308
856 4 0 _uhttp://www.gutenberg.org/ebooks/2308
942 _cEB
999 _c231645
_d231645